| 000 | 00470nam a2200157 i 4500 | ||
|---|---|---|---|
| 001 | 49291 | ||
| 003 | ES-MaACL | ||
| 005 | 20230906161923.0 | ||
| 007 | t| | ||
| 008 | 030714q1947 sp ||||1| spa d | ||
| 100 | 1 |
_aCortés Carrasco, Joaquín. _940877 |
|
| 245 | 1 | 0 |
_aGuía de asentadores de Madrid / _cJoaquín Cortés Carrasco. |
| 260 |
_aMadrid : _bOrientación, _c[1947?] ( _fImp. M. Chamorro) |
||
| 300 |
_a60 h. ; _c15 cm. |
||
| 852 |
_aES-MaACL _j1871-F-1 _bR.23969 |
||
| 999 |
_c49291 _d49291 |
||